000 00538cam a2200217 4500
001 D3996
008 090401t1982 xxu||||| |||| 00| 0 eng d
035 _a(Sirsi) u75989
041 _aeng
050 _a346.410435
100 _aGarner, J.F.
245 _aRights of way and access to the countryside
250 _a4th
260 _aLondon
_bOyez Longman Publishing Ltd
_c1982
300 _axi. 122p. 22cm
350 _a7.95
490 _aOyez Longman Practice Notes
520 _aShelf 305
942 _n0
948 _c04/03/1997
999 _c96101
_d96101